000 00821nam a2200205 a 4500
003 0
005 20250311152057.0
008 080728s19uu xx 00 eng d
050 _aPGS LB 1065
_b.M327 2008
100 _aMargallo, Nicole Kristin C.
245 _aStudents liking for school and the academic performance /
_cNicole Kristin C. Margallo.
260 _aLas PiƱas City, Philippines :
_bSouthville International School and Colleges,
_c2008.
300 _a19 pages :
_billustrations ;
_c28 cm.
504 _aIncludes bibliographical references.
650 _aStudent attitudes
_vAcademic achievement.
650 _aSchool environment
_vStudent performance.
650 _aMotivation in education
_vElementary students.
650 _aAcademic achievement
_vPsychological aspects.
942 _2lcc
_cPASS
999 _c97959
_d97959